000 00507nam a22001697a 4500
999 _c9279
_d9279
008 210401b ||||| |||| 00| 0 eng d
040 _aBMS College of Architecture
100 _aPadmini, M, G, Shilpaa
245 _aChidren hospital Bangalore
300 _a61p.
500 _a1BM00AT029
502 _8B.Arch
_NBMS College of Architecture, Visvesvaraya Technological University
_aProject report
_d2004
650 _aChildren
700 _aSatish Rao
_eGuide
700 _aJaisim
_eGuide
942 _2ddc
_cTHE